| 000 | 01039nam a22003490a 4500 | ||
|---|---|---|---|
| 001 | PT60961 | ||
| 003 | AR-LpoUNG | ||
| 005 | 20210131232021.0 | ||
| 008 | 191001s2013||||ag |||||||||||||||||spa d | ||
| 020 |
_a9789871741717 _c$10 |
||
| 040 |
_aAR-LpoUNG _bspa _cAR-LpoUNG _eaacr |
||
| 041 | _aspa | ||
| 044 | _aag | ||
| 082 | 0 | _a982.064 582eva | |
| 100 | 1 |
_aÁlvarez Rodríguez, Cristina _eprelim. |
|
| 245 | 1 | 0 | _aEva Perón en los libros |
| 250 | _a1ra. ed. | ||
| 260 |
_aBuenos Aires : _bBiblioteca Nacional, _c2013. |
||
| 300 |
_a165 p. : _bil., fot. |
||
| 650 | 4 | _aARGENTINA | |
| 650 | 4 | _aBIOGRAFIAS | |
| 650 | 4 | _aFOTOGRAFIA | |
| 650 | 4 | _aHISTORIA SOCIAL | |
| 653 | _aICONOGRAFIA | ||
| 653 | _aPERONISMO | ||
| 700 | 1 |
_aGonzález, Horacio _eprelim. |
|
| 700 | 1 |
_aSantoro, Daniel _eprelim. |
|
| 710 | 2 | _aBiblioteca Nacional Mariano Moreno (Buenos Aires) | |
| 710 | 2 | _aPresidencia de la Nación. Secretaría de Cultura. Instituto Nacional de Investigaciones Históricas Eva Perón | |
| 905 | _a60961 | ||
| 942 | _cLIB | ||
| 999 |
_c13256 _d13256 |
||